000 01316cam a2200337 a 4500
001 12385012
003 PILC
005 20151110143314.0
008 010419s2000 enk b 000 0 eng
010 _a 2001266018
020 _a0140436065
040 _aDLC
_cDLC
_dDLC
050 0 0 _aPR 5812
_b.C38 2000
082 0 0 _a822/.8
100 1 _aWilde, Oscar,
_d1854-1900.
245 1 4 _aThe importance of being earnest and other plays /
_cOscar Wilde ; edited with an introduction, commentaries, and notes by Richard Allen Cave.
260 _aLondon ;
_aNew York :
_bPenguin Books,
_c2000.
300 _axxx, 431 p. ;
_c20 cm.
440 0 _aPenguin classics
504 _aIncludes bibliographical references (p. xxix-xxx).
650 0 _aIdentity (Psychology)
_vDrama.
650 0 _aFoundlings
_vDrama.
651 0 _aEngland
_vDrama.
655 7 _aComedies.
_2gsafd
700 1 _aCave, Richard Allen.
856 4 2 _3Publisher description
_uhttp://www.loc.gov/catdir/enhancements/fy1203/2001266018-d.html
856 4 2 _3Contributor biographical information
_uhttp://www.loc.gov/catdir/enhancements/fy1505/2001266018-b.html
906 _a7
_bcbc
_corigcop
_d3
_encip
_f20
_gy-gencatlg
942 _2lcc
_cBK
999 _c288956
_d288956